Fábulas de Phedro, liberto de Augusto : tomo primero /
Salvato in:
| Autore principale: | |
|---|---|
| Altri autori: | |
| Natura: | Libro |
| Lingua: | spagnolo |
| Soggetti: | |
| Tags: |
Nessun Tag, puoi essere il primo ad aggiungerne!!
|
MARC
| LEADER | 00000nam^a2200000^a^4500 | ||
|---|---|---|---|
| 001 | 000380471 | ||
| 005 | 20250526000000.0 | ||
| 009 | 20260310120604.942 | ||
| 037 | |a Acervo Xavier Clavigero | ||
| 041 | |a ESP | ||
| 082 | |a 873. |b FED V. 1 | ||
| 100 | |a Fedro |e (autor) | ||
| 240 | 1 | 1 | |a [Fábulas de Fedro] |
| 245 | 1 | 0 | |a Fábulas de Phedro, liberto de Augusto : |b tomo primero / |c Fedro ; tr. por R. de Oviedo. |
| 264 | |a Madrid, España : |b Imprenta de Blas Román, |c 1793 | ||
| 300 | |a 461 p. ; |c 15.5 cm. | ||
| 336 | |a texto |b txt |2 rdacontenido | ||
| 337 | |a sin mediación |b n |2 rdamedio | ||
| 338 | |a volumen |b nc |2 rdasoporte | ||
| 501 | |a Encuadernación particular | ||
| 545 | 0 | |a Fedro (20-15 a.C. – 50-54) fue un escritor latino de fábulas, en las que se puede apreciar las costumbres de la Roma imperial y en donde el autor aprovecha para criticar el abuso de poder, a los mentirosos y los que hacen el mal. Influido por Esopo, Fredo es el primer poeta que escribe sus fábulas como textos separadas a diferencia de sus predecesores que incluyen sus relatos moralizantes como parte de su obra completa. Son alrededor de 122 las fábulas que han llegado a nuestra época, las cuales normalmente se encuentran conjuntadas en cinco volúmenes y escritas en verso con un lenguaje sencillo. Fue un esclavo liberado de Augusto lo que se deduce de un manuscrito del siglo IX en el que aparece como “liberto de Augusto”. | |
| 546 | |a Edición bilingüe español-latín | ||
| 561 | |a Ex libris de Bibl. Junioratus San Cayetano | ||
| 561 | |a Ex libris de Bibl. Iunioratus Coll. Max. Ysletensis, S.J. | ||
| 561 | |a Ex libris de Jesús Gómez Fregoso | ||
| 562 | |a Falta cubierta | ||
| 649 | |a XX | ||
| 650 | |a Animales en la Literatura | ||
| 650 | |a Fábulas Latinas | ||
| 650 | |a Poesía Epica | ||
| 650 | |a Literatura Latina | ||
| 650 | |a Literatura Clásica | ||
| 650 | |a Literatura Didáctica - |z Roma | ||
| 650 | |a Literatura y Etica - |z Roma | ||
| 650 | |a Filosofía y Literatura - |z Roma | ||
| 700 | |a Oviedo, Rodrigo de |e (traducción) | ||
| 910 | |a Fondo General | ||
| 920 | |a Impresos - Libros | ||
| 930 | |a Libros Antiguos y Raros | ||
| 940 | |a Literatura | ||
| 905 | |a 108 | ||
| 901 | |a 0500275659 |b IT2 |c LRA |u 20250526 | ||
| 902 | |a https://opac.biblio.iteso.mx/vufind/Record/000380471 | ||